Flags Of The 2018 Fifa World Cup Teams - Statistics

General Stats
  • This quiz has been taken 87 times
  • The average score is 31 of 32
Answer Stats
Picture Answer % Correct
Brazil
100%
France
100%
Germany
100%
Japan
100%
Australia
99%
Belgium
99%
Mexico
99%
Russia
99%
South Korea
99%
Argentina
97%
Denmark
97%
England
97%
Portugal
97%
Sweden
97%
Uruguay
97%
Morocco
96%
Spain
96%
Croatia
94%
Egypt
94%
Iceland
94%
Iran
94%
Poland
94%
Switzerland
94%
Columbia
93%
Costa Rica
93%
Nigeria
93%
Panama
93%
Saudi Arabia
93%
Senegal
91%
Serbia
91%
Peru
88%
Tunisia
88%
No matching quizzes found
Score Distribution
Percent of People with Each Score
Percentile by Number Answered
Your Score History
You have not taken this quiz